| 000 | 00603nam a2200205Ia 4500 | ||
|---|---|---|---|
| 003 | OSt | ||
| 005 | 20220817102201.0 | ||
| 008 | 220817b |||||||| |||| 00| 0 eng d | ||
| 020 | _a025625190 | ||
| 040 | _cIFM Library | ||
| 082 | _a658.4038011 | ||
| 100 |
_aSchultheis, Robert _97581 |
||
| 245 | _aManagement Information Systems:The Manage Views | ||
| 260 |
_aBoston: _bIrwin McGraw-Hill, _c1998 |
||
| 300 |
_axxii, 743p.: _b ill.; 26cm. |
||
| 500 | _aIncludes Bibliographical References and Index | ||
| 650 |
_aManagement Information Systems _93166 |
||
| 700 | _aSummer, Mary | ||
| 942 |
_cBK _2ddc _n0 |
||
| 999 |
_c4620 _d4620 |
||